|
|
|
|
| LEADER |
00000nab a2200000 a 4500 |
| 001 |
vtls011122338 |
| 003 |
SK-MaSNL |
| 005 |
20260303143839.0 |
| 008 |
230222|1999 xo |||||||||||||||||cze| |
| 015 |
|
|
|a SNBRB
|
| 035 |
|
|
|a (uuid)53485e9f-9e19-4185-b9a7-604e52d70f7e
|
| 035 |
|
|
|a (urnnbn)urn:nbn:sk:snk:ar-a08wv2
|
| 035 |
|
|
|a urn:nbn:sk:snk-ab9uep
|
| 040 |
|
|
|a SNKBUCL
|b slo
|c SNKBUCL
|e AACR2
|
| 041 |
0 |
|
|a cze
|
| 044 |
|
|
|a xo
|c SK
|
| 100 |
1 |
|
|a Matuchová, Marie
|4 aut
|9 1164890
|
| 245 |
1 |
0 |
|a SOFTWARE PRO POUŽITÍ V OBLASTI MATERIÁLOVÝCH VĚD A INŽENÝRSTVÍ
|c Marie Matuchová
|
| 246 |
3 |
|
|a SOFTWARE FOR USE IN THE FIELD OF MATERIALS SCIENCE AND ENGINEERING
|
| 773 |
0 |
|
|t Materiálové inžinierstvo
|g Roč. 6, č. 16 (1999), s. 64-72
|
| 958 |
|
|
|a OND
|
| 958 |
|
|
|a EUIPO
|
| 958 |
|
|
|a article13
|
| 999 |
|
|
|c 1992749
|d 1994679
|